Niektoré aspekty aplikácie systémového prístupu v riadení hospodárstva
Systémy, vybrané systémové pojmy a vzťahy. Funkčne organizované systémy. Vybrané matematicko logické vzťahy v systéme. Identifikácia dominantného a podnetového prvku. Pôsobenie systémových väzieb. Systémové a kybernetické modely v sociálnych systémoch.
Salvato in:
| Autore principale: | |
|---|---|
| Natura: | Capitolo di libro |
| Lingua: | slovacco |
| Soggetti: | |
| Tags: |
Nessun Tag, puoi essere il primo ad aggiungerne!!
|
MARC
| LEADER | 00000naa$a2200000$$$4500 | ||
|---|---|---|---|
| 001 | 0027519 | ||
| 005 | 20221128113226.8 | ||
| 041 | 0 | |a slo | |
| 044 | |a SK | ||
| 245 | 1 | 0 | |a Niektoré aspekty aplikácie systémového prístupu v riadení hospodárstva |c Štefan Červeňan |
| 520 | |a Systémy, vybrané systémové pojmy a vzťahy. Funkčne organizované systémy. Vybrané matematicko logické vzťahy v systéme. Identifikácia dominantného a podnetového prvku. Pôsobenie systémových väzieb. Systémové a kybernetické modely v sociálnych systémoch. | ||
| 610 | 2 | 0 | |a riadenie hospodárske |
| 610 | 2 | 0 | |a riadenie systémové |
| 610 | 2 | 0 | |a teória systémov všeobecná |
| 610 | 2 | 0 | |a systémy sociálne |
| 610 | 2 | 0 | |a analýza operačná |
| 610 | 2 | 0 | |a analýza systémová |
| 610 | 2 | 0 | |a riadenie podnikové |
| 610 | 2 | 0 | |a manažerizmus |
| 100 | 1 | |a Červeňan, Štefan | |